000 01153nam a2200337 i 4500
001 13000
003 KOSZ 005
005 20221128143733.0
008 070620s1969 pl f 000 0 pol
015 _aPB 1969/6274
040 _aWA N
_cWA N
_dKOSZ 005/RW
_dKOSZ 005/HR
046 _k1969
080 _a658.1/.5
080 _a316.334.22
245 0 0 _aSocjologia w zakładzie pracy /
_cStanisław Widerszpil [et al.] ; red. S. Widerszpil.
260 _aWarszawa :
_bWydawnictwo Związkowe CRZZ,
_c1969.
300 _a218, [2] s. ;
_c23 cm.
336 _2rdacontent
_aTekst
_btxt
337 _2rdamedia
_aBez urządzenia pośredniczącego
_bn
338 _2rdacarrier
_aWolumin
_bnc
380 _aKsiążki
388 _a1901-2000
388 _a1945-1989
650 4 _aSocjologia pracy
658 _aGospodarka, ekonomia, finanse
658 _aSocjologia i społeczeństwo
700 1 _aWiderszpil, Stanisław
_d(1921-2022)
_eRedakcja
710 2 _aWydawnictwo Związkowe CRZZ
_4pbl.
856 _uhttp://koha.tu.koszalin.pl/cgi-bin/koha/opac-detail.pl?biblionumber=13000
_yKatalog online BPK
942 _2UKD
_cKS
999 _c13000
_d13000